000 00538nam a22001577a 4500
008 140114b xxu||||| |||| 00| 0 eng d
050 _aB802.H65 2008
100 _aHimmelfarb, Gertrude
_96656
245 _aThe Roads to Modernity
_bThe British, French and American Enlightenments
_cGertrude Himmelfarb
260 _aLondon
_bVintage Books
_c2008
300 _axviii, 284p
_c20cm.
650 _aEnlightenment
_96657
650 _aIntellectual life
_xHistory
_96658
650 _aPhilosophy, Morden
_96659
942 _2lcc
_cMONOGRAPH
_01
999 _c119570
_d119570